Neviditeľné ženy v exekutíve – ženy v top manažmente. Aké ženy?

Výpovede žien pracujúcich na vrcholových riadiacich pozíciách vo verejnej správe (politika, kultúra, tretí sektor) ako aj v súkromnom sektore (bankovníctvo, poisťovníctvo a podobne). Výpovede sú súčasťou výskumu podporeného z dotačnej schémy Európskej komisie Progress.

Salvato in:
Dettagli Bibliografici
Autore principale: Ulčin, Peter
Natura: Capitolo di libro
Lingua:slovacco
Soggetti:
Tags: Aggiungi Tag
Nessun Tag, puoi essere il primo ad aggiungerne!!

MARC

LEADER 00000naa a2200000 4500
001 0221845
005 20230912114905.1
041 0 |a slo 
044 |a SK 
245 1 0 |a Neviditeľné ženy v exekutíve – ženy v top manažmente. Aké ženy?  |c Peter Ulčin 
520 |a Výpovede žien pracujúcich na vrcholových riadiacich pozíciách vo verejnej správe (politika, kultúra, tretí sektor) ako aj v súkromnom sektore (bankovníctvo, poisťovníctvo a podobne). Výpovede sú súčasťou výskumu podporeného z dotačnej schémy Európskej komisie Progress. 
610 2 0 |a manažment 
610 2 0 |a manažéri 
610 2 0 |a lídri 
610 2 0 |a ženy 
610 2 0 |a riadenie vrcholové 
610 2 0 |a vzťahy genderové 
610 2 0 |a zamestnávatelia 
610 2 0 |a diskriminácia 
100 1 |a Ulčin, Peter